1616 1192 1119 1909 1898 1528 1923 1198 1671 1383 1488 1691 1518 1456 1959 1461 1955 1013 1919 1756 1627 1513 1255 1486 1134 1663 1259 1584 1359 1137 1052 1892 1251 1080 1826 1987 1120 1002 1210 1301 1357 1968 1318 1393 1592 1995 1129 1651 1790 1551 1568 1068 1036 1064 1559 1591 1329 1531 1109 1324 1455 1346 1204 1966 1729 1610 1053 1986 1749 1335 1415 1222 1485 1392 1678 1296 1034 1717 1638 1232 1198 1664 1521 1340 1700 1576 1602 1860 1552 1681 1969 1362 1618 1241 1762 1623 1317 1211 1937 BCNSPRNW ULIB Ver.6.0+V

เปลี่ยนเป็นภาษาไทย

Change to English
 แสดงรายละเอียดบรรณานุกรม
  กลับหน้าหลัก

Brief Record : Get Marc (ISO 2709) : E-mail record : QR code < ปิดหน้าต่าง
LEADER : 00000nam 2200000uu 4500
001    13399112298
003     ULIB
008    110627s2553||||th 000 0 tha d
020    9786167205205
090    นว.^bบ675ร 2553
100 0  บุษบาพาฝัน
245 00 รอยแค้น แสนรัก/^cบุษบาพาฝัน
250    พิมพ์ครั้งที่ 1
260    กรุงเทพฯ :^bเม็ดทรายพริ้นติ้ง,^c2553
300    451 หน้า
710 1  เม็ดทรายพริ้นติ้ง
945    ^p328^l0^i028074
995    ทศพร
999 ^a ใช้งานได้ทุกระบบ
รายการนี้ยังไม่มีแท็ก
คุณยังไม่ได้ล็อกอิน คุณสามารถมีกิจกรรมร่วมกับเว็บไซต์ได้ แต่ต้องล็อกอินก่อน ::
  ล็อกอิน

รายการสื่อสารสนเทศ

ลำดับที่ ประเภท เลขเรียก/บาร์โค้ด สถานที่ สถานะ
- ไม่พบข้อมูล -

BibComment


ยังไม่เคยถูกคอมเมนท์

คอมเมนท์ทรัพยากรรายการนี้
  คอมเมนท์: รอยแค้น แสนรัก บุ..


 Copyright 2026. Bcnsprnw @Library